00662cam a22002051 45000010005000000030008000050050017000130080039000300350018000690400032000870410008001190820022001271000021001492450082001702600059002523000049003115040050003606500017004106500029004277749BD-RjUL20211208234452.014 t1966 enka b 001 0 eng a(BD-RjUL)7793 aDLCcDLCdDLCdBD-RjULbeng aeng00a510216bMAM 19661 aMacdonald, Peter10aMathematics and statistics for scientists and engineers /c[by] P. Macdonald. aLondon ;aToronto ;aNew York :bVan Nostrand,cc1966 axii, 299 p. :btables, diagrs. ;c23 1/2 cm. aIncludes bibliographical reference and index. 0aMathematics. 0aMathematical statistics.